Ballads (Record no. 91903)

MARC details
000 -LEADER
fixed length control field 01827nam a2200217Ii 4500
008 - FIXED-LENGTH DATA ELEMENTS--GENERAL INFORMATION
fixed length control field 221202s xx 000 0 und d
100 1# - MAIN ENTRY--PERSONAL NAME
Personal name Owens, Richard,
Relator term author
245 #0 - TITLE STATEMENT
Title Ballads
264 #1 - PRODUCTION, PUBLICATION, DISTRIBUTION, MANUFACTURE, AND COPYRIGHT NOTICE
Place of production, publication, distribution, manufacture Brooklyn, NY
Name of producer, publisher, distributor, manufacturer punctum books
Date of production, publication, distribution, manufacture, or copyright notice 2015
300 ## - PHYSICAL DESCRIPTION
Extent 1 online resource (134 pages)
336 ## - CONTENT TYPE
Content type term text
Content type code txt
Source rdacontent
337 ## - MEDIA TYPE
Media type term computer
Media type code c
Source rdamedia
338 ## - CARRIER TYPE
Carrier type term online resource
Carrier type code cr
Source rdacarrier
520 ## - SUMMARY, ETC.
Summary, etc. Originally published by eth co-director David Hadbawnik's habenicht press in 2012, Ballads uses the lyric form to explore the effects of global Capitalism from a sharp Marxist perspective. Recognizing the congruence between folk song circulation and the circulation of money, the "currency" of the ballad alongside supply-side economics, Owens hails Wordworth's Lyric Ballads experiment (undertaken at the dawn of England's Industrial Age) as one touchstone. But he also understands the built-in obsolescence of the form, its tendency to hearken back to imaginary origins. "[E]veryone has an idea they know what a ballad is," Owens writes in his "Working Notes." "It's this degraded thing shot through with a sense of pastness, cultural infancy and a charming but sometimes dangerous rusticity that needs to be carefully framed and reined." Thus Owens' Ballads playfully engages with language, figures, and forms from medieval and early modern England, with nods to the caesura-based, alliterative line, and Barbara Allan, Thomas the Rhymer, and Piers Plowman making appearances in the book's brief lyrics.
653 ## - INDEX TERM--UNCONTROLLED
Uncontrolled term Ballads
653 ## - INDEX TERM--UNCONTROLLED
Uncontrolled term Global Capitalism
653 ## - INDEX TERM--UNCONTROLLED
Uncontrolled term Poetry
653 ## - INDEX TERM--UNCONTROLLED
Uncontrolled term Premodern England
856 ## - ELECTRONIC LOCATION AND ACCESS
Uniform Resource Identifier <a href="https://docs.google.com/spreadsheets/d/1yKIrdCPDAG_9c22mwoOIO2DOhtj65Wqa/edit?usp=sharing&ouid=106555315294820607512&rtpof=true&sd=true ">https://docs.google.com/spreadsheets/d/1yKIrdCPDAG_9c22mwoOIO2DOhtj65Wqa/edit?usp=sharing&ouid=106555315294820607512&rtpof=true&sd=true </a>
Link text List of Curated E-Books
942 ## - ADDED ENTRY ELEMENTS (KOHA)
Koha item type E-Book

No items available.

University of Rizal System
Email us at univlibservices@urs.edu.ph

Visit our Website www.urs.edu.ph/library